000 00979cab a2200349 4500
001 ABS55312
008 090401t1996 xxu||||| |||| 00| 0 eng d
035 _a(Sirsi) u15670
041 _aeng
245 _aMarket report: South and West Yorkshire
260 _c1996
350 _a0
490 _aProperty Week
_v55(10) 6 June 1996, 34-55(13)
650 _aBARNSLEY
650 _aDEARNE VALLEY
650 _aDON VALLEY
650 _aDONCASTER
650 _aHALIFAX
650 _aHUDDERSFIELD
650 _aINDUSTRIAL MARKET
650 _aLEEDS
650 _aPROPERTY-COMMERCIAL PROPERTY-OFFICE PROPERTY-OFFICE PROPERTY MARKET
650 _aPROPERTY-COMMERCIAL PROPERTY-RETAIL PROPERTY-RETAIL PROPERTY MARKET
650 _aROTHERHAM
650 _aSHEFFIELD
650 _aSOUTH YORKSHIRE
650 _aWAKEFIELD
650 _aWEST YORKSHIRE
690 _aPROPERTY-COMMERCIAL PROPERTY-COMMERCIAL PROPERTY MARKET
942 _n0
948 _c04/03/1997
999 _c10303
_d10303